Central Library OPAC University of Rajshahi

United and disunited : (Record no. 27401)

MARC details
000 -LEADER
fixed length control field 00758nam a2200241 4500
001 - CONTROL NUMBER
control field 27401
003 - CONTROL NUMBER IDENTIFIER
rucl marc code BD-RjUL
005 - DATE AND TIME OF LATEST TRANSACTION
control field 20211209051141.0
008 - FIXED-LENGTH DATA ELEMENTS--GENERAL INFORMATION
fixed length control field 140325s1982 us | |||| 000 0 eng d
020 ## - INTERNATIONAL STANDARD BOOK NUMBER
International Standard Book Number 0840326548
035 ## - SYSTEM CONTROL NUMBER
System control number (BD-RjUL)27474
040 ## - CATALOGING SOURCE
Original cataloging agency BD-RjUL
Language of cataloging eng
Transcribing agency BD-RjUL
041 ## - LANGUAGE CODE
Language code of text/sound track or separate title eng
082 04 - DEWEY DECIMAL CLASSIFICATION NUMBER
Classification number 973.3
Author mark and year NIU 1982
100 1# - MAIN ENTRY--PERSONAL NAME
Personal name Niven, Alexander C.
9 (RLIN) 84179
245 10 - TITLE STATEMENT
Title United and disunited :
Remainder of title a guide to U.S. history, 1778-1865 /
Statement of responsibility, etc. Alexander C. Niven and Robert R. Riels.
250 ## - EDITION STATEMENT
Edition statement Prelim. ed.
260 ## - PUBLICATION, DISTRIBUTION, ETC. (IMPRINT)
Place of publication, distribution, etc. Dubuque, Iowa :
Name of publisher, distributor, etc. Kendall/Hunt Pub. Co.,
Date of publication, distribution, etc. c1982.
300 ## - PHYSICAL DESCRIPTION
Pagination iv, 105 p. ;
Size 28 cm.
651 #0 - SUBJECT ADDED ENTRY--GEOGRAPHIC NAME
Geographic name United States
General subdivision History
Chronological subdivision Revolution, 1775-1783.
9 (RLIN) 84180
700 1# - ADDED ENTRY--PERSONAL NAME
Personal name Riels, Robert R.
942 ## - ADDED ENTRY ELEMENTS (KOHA)
Source of classification or shelving scheme Dewey Decimal Classification
Koha item type Books
Holdings
Lost status Source of classification or shelving scheme Damaged status Not for loan Collection code Permanent Location Current Location Shelving location Date acquired Source of acquisition Total Checkouts Full call number Date last seen Copy number Koha item type Date checked out
  Dewey Decimal Classification   Added to bundle Non-fiction Central Library, University of Rajshahi Central Library, University of Rajshahi Reading Room 21/06/1989 Asia Foundation   973.3 NIU 1982 25/03/2014 C-1 Books  
  Dewey Decimal Classification     Non-fiction Central Library, University of Rajshahi Central Library, University of Rajshahi   21/06/1989 Asia Foundation 1 973.3 NIU 1982 21/05/2017 C-2 Books 01/03/2017
  Dewey Decimal Classification     Non-fiction Central Library, University of Rajshahi Central Library, University of Rajshahi   21/06/1989 Asia Foundation   973.3 NIU 1982 25/03/2014 C-3 Books